Country Flags with Animals - Statistics

General Stats
  • This quiz has been taken 143 times
    123 since last reset
  • The average score is 18 of 22
Answer Stats
Picture Answer % Correct
Mexico
93%
Albania
91%
Spain
91%
Bhutan
90%
Sri Lanka
90%
Croatia
87%
Malta
87%
Serbia
87%
Egypt
83%
Moldova
82%
Uganda
81%
Zambia
81%
Andorra
80%
Kazakhstan
80%
Papua New Guinea
79%
Dominica
78%
Zimbabwe
78%
Ecuador
77%
Montenegro
77%
Fiji
75%
Kiribati
73%
Guatemala
69%
No matching quizzes found
Score Distribution
Percent of People with Each Score
Percentile by Number Answered
Your Score History
You have not taken this quiz since the last reset